[Event "ICS Rated blitz match"]
[Site "204.178.125.65"]
[Date "2000.02.28"]
[Round "?"]
[White "Hossa"]
[Black "Beadle"]
[Result "1/2-1/2"]
[WhiteElo "2384"]
[BlackElo "2579"]
[PlyCount "61"]

1. e4 e5 2. Nf3 Nc6 3. Bc4 Nf6 4. d4 exd4 5. e5 d5 6. Bb5 Ne4 7. Nxd4 Bd7 8.
Bxc6 bxc6 9. O-O Bc5 10. f3 Ng5 11. Be3 Rb8 12. Rf2 Rxb2 13. Nxc6 Bxc6 14. Bxc5
Ne6 15. Bxa7 Qg5 16. Qd2 Nf4 17. Nc3 Rb4 18. Be3 O-O 19. Bxf4 Qxf4 20. Qxf4
Rxf4 21. Rb1 Rc4 22. Rb3 d4 23. Nb1 Re8 24. f4 f6 25. Na3 Ra4 26. exf6 Re1+ 27.
Rf1 Re2 28. Rf2 Re1+ 29. Rf1 Re2 30. Rf2 Re1+ 31. Rf1 1/2-1/2

[Event "ICS rated blitz match"]
[Site "204.178.125.65"]
[Date "2000.02.28"]
[Round "?"]
[White "Beadle"]
[Black "Hossa"]
[Result "1-0"]
[WhiteElo "2571"]
[BlackElo "2392"]
[PlyCount "98"]

1. e4 e5 2. Nf3 Nc6 3. Bb5 a6 4. Ba4 Nf6 5. O-O Be7 6. Re1 b5 7. Bb3 O-O 8. c3
d5 9. exd5 Nxd5 10. Nxe5 Nxe5 11. Rxe5 c6 12. d4 Bd6 13. Bg5 Qc7 14. Rxd5 cxd5
15. Bxd5 Bxh2+ 16. Kh1 Rb8 17. Nd2 h6 18. Qh5 hxg5 19. Qxh2 Qxh2+ 20. Kxh2 Rd8
21. Be4 Rb6 22. Nf3 Rh6+ 23. Kg1 f6 24. a4 g4 25. axb5 axb5 26. Nd2 Be6 27. Ra5
Rh5 28. f4 Kf7 29. Nf1 Bc4 30. Ne3 Rdh8 31. Ra7+ Kf8 32. Nxg4 Rh1+ 33. Kf2 Rf1+
34. Kg3 Rh5 35. Bg6 Rhh1 36. Ne3 Ra1 37. Rb7 Ra8 38. Nxc4 bxc4 39. Rf7+ Kg8 40.
Rc7 Rd1 41. Rxc4 Kf8 42. Rc7 Rd2 43. Rf7+ Kg8 44. Rb7 Kf8 45. Kf3 Rd1 46. Rf7+
Kg8 47. Rc7 Kf8 48. b4 Rc1 49. c4 Rb8 1-0

[Event "ICS rated blitz match"]
[Site "204.178.125.65"]
[Date "2000.02.28"]
[Round "?"]
[White "Hossa"]
[Black "Beadle"]
[Result "0-1"]
[WhiteElo "2384"]
[BlackElo "2579"]
[PlyCount "86"]

1. c4 g6 2. Nc3 Bg7 3. d4 d6 4. Nf3 Nf6 5. e4 O-O 6. Bg5 Bg4 7. h3 Bxf3 8. gxf3
Nc6 9. d5 Ne5 10. Be2 c6 11. Be3 Qc7 12. f4 Ned7 13. Rg1 Ne8 14. f5 Bxc3+ 15.
bxc3 Nef6 16. f3 cxd5 17. exd5 Ne5 18. c5 dxc5 19. fxg6 hxg6 20. f4 Rad8 21.
fxe5 Qxe5 22. Qc1 Nxd5 23. Bd2 Qh2 24. Rf1 Qxh3 25. Rf2 Qh1+ 26. Rf1 Qh2 27.
Rf2 Qg1+ 28. Rf1 Qg3+ 29. Rf2 Rd6 30. Bf3 Qg1+ 31. Ke2 Re6+ 32. Kd3 c4+ 33.
Kxc4 Rc8+ 34. Kd3 Qxf2 35. Bxd5 Qf5+ 36. Kd4 Qe5+ 37. Kd3 Qxd5+ 38. Kc2 Qf5+
39. Kd1 Qg4+ 40. Kc2 Qa4+ 41. Kb1 Rb6+ 42. Qb2 Qd1+ 43. Bc1 Qd3# 0-1

[Event "ICS rated blitz match"]
[Site "204.178.125.65"]
[Date "2000.02.28"]
[Round "?"]
[White "Beadle"]
[Black "Hossa"]
[Result "1-0"]
[WhiteElo "2587"]
[BlackElo "2376"]
[PlyCount "143"]

1. d4 Nf6 2. Nf3 e6 3. c4 b6 4. a3 d5 5. Nc3 dxc4 6. e3 Ba6 7. Ne5 Bb7 8. Nxc4
c5 9. Ne5 a6 10. dxc5 Qxd1+ 11. Nxd1 Bxc5 12. b4 Be7 13. Bb2 O-O 14. Rc1 Rc8
15. Rxc8+ Bxc8 16. Bd3 Bb7 17. O-O Nc6 18. Nxc6 Bxc6 19. f4 h5 20. Nf2 Nd5 21.
Be4 Rc8 22. Rc1 Bd7 23. Rxc8+ Bxc8 24. Bd4 a5 25. Nd3 Ba6 26. bxa5 bxa5 27. Nc5
Bxc5 28. Bxc5 Nc3 29. Bf3 h4 30. g3 hxg3 31. hxg3 Bd3 32. Kg2 Nb1 33. Bc6 Bc2
34. g4 Nc3 35. Bd4 Be4+ 36. Bxe4 Nxe4 37. a4 Kh7 38. Bb6 Nc3 39. Kf3 Nxa4 40.
Bxa5 Kh6 41. e4 g5 42. f5 e5 43. Bb4 f6 44. Ke3 Kg7 45. Kd2 Nb6 46. Bc5 Nc4+
47. Kc3 Na5 48. Kb4 Nc6+ 49. Kb5 Nd8 50. Kc4 Nb7 51. Bb4 Kf7 52. Kd5 Kg7 53.
Kc6 Nd8+ 54. Kd7 Nf7 55. Ke8 Kg8 56. Bf8 Nh8 57. Be7 Nf7 58. Bxf6 Nd6+ 59. Ke7
Nf7 60. Kd7 Kf8 61. Ke6 Kg8 62. Ke7 Nh6 63. Bxg5 Nf7 64. Bf6 Nh6 65. Bxe5 Nf7
66. Bc3 Ng5 67. f6 Nf7 68. e5 Nh6 69. e6 Kh7 70. f7 Kg6 71. f8=Q Kg5 72. Qxh6+
1-0

[Event "ICS Rated blitz match"]
[Site "204.178.125.65"]
[Date "2000.02.28"]
[Round "?"]
[White "Hossa"]
[Black "Beadle"]
[Result "0-1"]
[WhiteElo "2369"]
[BlackElo "2601"]
[PlyCount "116"]

1. d4 Nf6 2. c4 e6 3. Nf3 d5 4. Nc3 Be7 5. Bf4 O-O 6. e3 c5 7. dxc5 Bxc5 8.
cxd5 Nxd5 9. Nxd5 exd5 10. Qd2 Nc6 11. O-O-O Be6 12. Ng5 Be7 13. Nxe6 fxe6 14.
Bd3 Rc8 15. Kb1 Nb4 16. Rc1 Qb6 17. Rhe1 Nxd3 18. Qxd3 Bf6 19. Qd2 Rc4 20. Rc2
Rfc8 21. Rxc4 dxc4 22. Qc2 c3 23. e4 Rc6 24. e5 Be7 25. Rd1 cxb2 26. Qxb2 Ba3
27. Qb3 Qxf2 28. Rd8+ Bf8 29. Qb4 Qf1+ 30. Kb2 Qxg2+ 31. Ka1 Qf1+ 32. Kb2 Qf2+
33. Kb1 Rc5 34. h4 a5 35. Qd4 Rb5+ 36. Kc1 Qe1+ 37. Kc2 Qb1+ 38. Kc3 Rd5 39.
Rxf8+ Kxf8 40. Qc4 b6 41. Qc8+ Kf7 42. Qb7+ Kg6 43. h5+ Kxh5 44. Qxd5 exd5 45.
a3 Qa1+ 46. Kd3 Qf1+ 47. Ke3 Qg2 48. Bg3 Qxg3+ 49. Kd4 Qxa3 50. Kxd5 Qc5+ 51.
Ke6 a4 52. Kf7 a3 53. e6 Qf5+ 54. Ke8 Qxe6+ 55. Kd8 a2 56. Kc7 a1=Q 57. Kb8 Qa6
58. Kc7 Qac8# 0-1

[Event "ICS Rated standard match"]
[Site "204.178.125.65"]
[Date "2000.02.28"]
[Round "?"]
[White "Hossa"]
[Black "Moron"]
[Result "1-0"]
[WhiteElo "2259"]
[BlackElo "2457"]
[PlyCount "189"]

1. d4 d5 2. Nf3 Nf6 3. c4 c6 4. e3 e6 5. Be2 Nbd7 6. Nc3 Bd6 7. O-O O-O 8. Bd2
dxc4 9. Bxc4 e5 10. Qc2 Qe7 11. Bd3 Re8 12. Ng5 Nf8 13. Rfe1 exd4 14. exd4 Be6
15. Nxe6 Nxe6 16. d5 cxd5 17. Bg5 Rac8 18. Bxh7+ Kh8 19. Qd3 Bxh2+ 20. Kh1 Bb8
21. Bf5 Rcd8 22. Qh3+ Kg8 23. Bh7+ Kf8 24. Bd3 Qc5 25. Bxf6 gxf6 26. Bb5 d4 27.
Bxe8 Kxe8 28. Ne4 Qe5 29. b4 Qf4 30. Qh5 Ke7 31. g3 Qe5 32. Qh7 Qd5 33. Kg1 d3
34. Rad1 Be5 35. Rd2 Qc4 36. a3 Qb3 37. f4 Bd4+ 38. Kh1 Qd5 39. Kh2 f5 40. Qh4+
Kf8 41. Nc5 Nxc5 42. bxc5 Bc3 43. Re3 Rd7 44. Rexd3 Qxd3 45. Rxd3 Rxd3 46. c6
Rd2+ 47. Kh3 bxc6 48. Qh6+ Ke7 49. Qxc6 Bd4 50. Qc1 Rb2 51. Qc7+ Ke8 52. Qd6
Bg7 53. Qc6+ Ke7 54. Qc7+ Ke6 55. Qxa7 Kf6 56. Qa6+ Ke7 57. a4 Rb1 58. Qe2+ Kf8
59. Qd3 Rh1+ 60. Kg2 Re1 61. Qxf5 Ra1 62. Qc8+ Ke7 63. Kf3 Bf6 64. Qc5+ Ke8 65.
a5 Be7 66. Qc8+ Bd8 67. a6 Ra3+ 68. Kg4 Ra5 69. Qb7 Kf8 70. Qb4+ Kg7 71. Qxa5
Bxa5 72. a7 Bb6 73. a8=Q Bd4 74. Qb8 Bc3 75. Qe5+ Bxe5 76. fxe5 Kf8 77. Kf5 Kg7
78. g4 Kf8 79. Kf6 Kg8 80. Ke7 Kg7 81. Ke8 Kg6 82. Kf8 f5 83. e6 fxg4 84. e7
Kf5 85. e8=Q Kf4 86. Kg7 Kf3 87. Kf6 g3 88. Kf5 g2 89. Qe1 g1=Q 90. Qxg1 Ke2
91. Qd4 Ke1 92. Qb2 Kd1 93. Ke4 Ke1 94. Ke3 Kf1 95. Qf2# 1-0

[Event "ICS Rated standard match"]
[Site "204.178.125.65"]
[Date "2000.02.28"]
[Round "?"]
[White "Moron"]
[Black "Hossa"]
[Result "1-0"]
[WhiteElo "2433"]
[BlackElo "2283"]
[PlyCount "51"]

1. e4 c5 2. Nf3 Nc6 3. d4 cxd4 4. Nxd4 Nf6 5. Nc3 d6 6. Bg5 e6 7. Qd2 a6 8.
O-O-O Bd7 9. f4 b5 10. Bxf6 gxf6 11. Kb1 Qb6 12. Nxc6 Bxc6 13. Qe1 Be7 14. Bd3
b4 15. Ne2 Rc8 16. Qg3 Bf8 17. Qh4 Bg7 18. Ng3 f5 19. Nh5 Rg8 20. exf5 b3 21.
axb3 Bd4 22. fxe6 fxe6 23. Nf6+ Bxf6 24. Qxf6 Bd7 25. Bxh7 Rxg2 26. Rd2 1-0

[Event "ICS Rated blitz match"]
[Site "204.178.125.65"]
[Date "2000.02.28"]
[Round "?"]
[White "Hossa"]
[Black "Zippy"]
[Result "0-1"]
[WhiteElo "2362"]
[BlackElo "2268"]
[PlyCount "62"]

1. d4 d5 2. c4 c6 3. Nf3 Nf6 4. Nc3 dxc4 5. a4 Bf5 6. e3 e6 7. Bxc4 Nbd7 8. a5
Bb4 9. a6 b5 10. Be2 O-O 11. O-O Bd6 12. Nh4 Be4 13. Nxe4 Nxe4 14. Nf3 Rc8 15.
Bd3 f5 16. Bb1 Ndf6 17. Qb3 Nd5 18. Bd3 Qe8 19. Rd1 Qh5 20. Re1 Rcd8 21. Qa2
Kh8 22. Be2 g5 23. Ne5 g4 24. f4 Qh4 25. g3 Nxg3 26. Nxc6 Ne4 27. Rf1 g3 28.
Kg2 Qxh2+ 29. Kf3 g2 30. Bxb5 gxf1=Q+ 31. Bxf1 Qf2# 0-1

[Event "ICS rated blitz match"]
[Site "204.178.125.65"]
[Date "2000.02.28"]
[Round "?"]
[White "Zippy"]
[Black "Hossa"]
[Result "0-1"]
[WhiteElo "2288"]
[BlackElo "2342"]
[PlyCount "150"]

1. e4 c5 2. Nf3 Nc6 3. d4 cxd4 4. Nxd4 Nf6 5. Nc3 e5 6. Nxc6 bxc6 7. Bc4 Bb4 8.
Bg5 h6 9. Bxf6 Qxf6 10. O-O d6 11. Na4 O-O 12. a3 Ba5 13. Qd3 Bg4 14. f3 Bh5
15. Rad1 Rfd8 16. Kh1 Rab8 17. b4 Bc7 18. Ba2 Rbc8 19. Qa6 Bb8 20. Bc4 Qg5 21.
c3 Qh4 22. Be2 Qf4 23. Bd3 Qe3 24. Bc4 Bg6 25. Qb7 Rc7 26. Qa8 Qg5 27. Rfe1 Bh5
28. Re2 Qh4 29. Red2 Bg6 30. h3 d5 31. Ba6 Bh5 32. Be2 a5 33. Qa6 axb4 34. axb4
d4 35. cxd4 exd4 36. Qc4 Qg3 37. Kg1 Ra7 38. Kf1 Rxa4 39. Qxc6 Rxb4 40. Qc5 Qh2
41. Qa5 Bg3 42. Qxd8+ Kh7 43. Bc4 Qh1+ 44. Ke2 Qxg2+ 45. Kd3 Bf2 46. Rxf2 Qxf2
47. Qxd4 Qxf3+ 48. Kc2 Qxd1+ 49. Qxd1 Bxd1+ 50. Kc3 Rb7 51. Kd2 Bb3 52. Ba6 Ra7
53. Be2 Be6 54. h4 g5 55. hxg5 hxg5 56. Bd3 g4 57. e5+ Kh6 58. Be4 Ra5 59. Ke3
Rxe5 60. Kf4 Rxe4+ 61. Kxe4 Kg5 62. Ke3 g3 63. Kf3 g2 64. Kxg2 Kf4 65. Kf1 Ke3
66. Kg2 f5 67. Kg3 f4+ 68. Kh4 Ke4 69. Kg5 Ke5 70. Kh4 Kf6 71. Kh5 f3 72. Kh4
f2 73. Kg3 f1=Q 74. Kh2 Qf2+ 75. Kh1 Bd5# 0-1

[Event "ICS Rated blitz match"]
[Site "204.178.125.65"]
[Date "2000.02.28"]
[Round "?"]
[White "Hossa"]
[Black "Zippy"]
[Result "1-0"]
[WhiteElo "2356"]
[BlackElo "2274"]
[PlyCount "69"]

1. c4 e5 2. Nc3 Nf6 3. Nf3 Nc6 4. g3 Bb4 5. Bg2 O-O 6. O-O d6 7. Nd5 Nxd5 8.
cxd5 Nd4 9. Nxd4 exd4 10. e3 Bc5 11. Re1 Qf6 12. d3 dxe3 13. fxe3 Bf5 14. Rf1
Qg6 15. d4 Bb6 16. Rf4 Rae8 17. Bd2 Bc2 18. Qe1 Be4 19. Qf2 Bxg2 20. Qxg2 Qc2
21. b4 g5 22. Rf6 Qb2 23. Raf1 Qxa2 24. Qf2 Re7 25. g4 Qc2 26. Rf5 a5 27. Rxg5+
Qg6 28. Rxg6+ hxg6 29. bxa5 Ba7 30. Qf6 Re4 31. Rf3 c5 32. Rh3 Rxg4+ 33. Kf2
Rf4+ 34. exf4 b6 35. Rh8# 1-0

[Event "ICS Rated blitz match"]
[Site "204.178.125.65"]
[Date "2000.02.28"]
[Round "?"]
[White "Tinker"]
[Black "Hossa"]
[Result "0-1"]
[WhiteElo "2510"]
[BlackElo "2368"]
[PlyCount "94"]

1. e4 c5 2. Nc3 Nc6 3. Nf3 d6 4. d4 cxd4 5. Nxd4 Nf6 6. Bb5 Bd7 7. Bg5 e6 8.
Nb3 Be7 9. Bxf6 gxf6 10. Qh5 a6 11. Bxc6 bxc6 12. O-O e5 13. Rfd1 a5 14. Rab1
a4 15. Nd2 Be6 16. Qh6 Bf8 17. Qe3 Rg8 18. Qd3 Bg4 19. Ne2 Rg6 20. h3 Bc8 21.
Nc4 d5 22. exd5 cxd5 23. Qf3 Be6 24. Nc3 Rc8 25. Ne3 d4 26. Ne4 Bd7 27. Nd5 f5
28. Nef6+ Rxf6 29. Nxf6+ Qxf6 30. Qd3 e4 31. Qxd4 Qxd4 32. Rxd4 Rxc2 33. Rbd1
Bb5 34. R1d2 Rxd2 35. Rxd2 Bd3 36. Kh1 Bd6 37. Rd1 Kd7 38. Kg1 h5 39. Rd2 Be5
40. Kh1 Ke6 41. Kg1 Bc4 42. a3 f4 43. Rc2 Kd5 44. Rd2+ Bd4 45. Rd1 e3 46. fxe3
fxe3 47. g3 e2+ 0-1

[Event "ICS rated blitz match"]
[Site "204.178.125.65"]
[Date "2000.02.28"]
[Round "?"]
[White "Hossa"]
[Black "Tinker"]
[Result "1/2-1/2"]
[WhiteElo "2390"]
[BlackElo "2488"]
[PlyCount "116"]

1. d4 Nf6 2. c4 e6 3. Nc3 d5 4. Nf3 Be7 5. e3 dxc4 6. Bxc4 O-O 7. O-O Bb4 8.
Re1 c5 9. a3 Bxc3 10. bxc3 cxd4 11. cxd4 Nc6 12. e4 Qc7 13. Bg5 e5 14. d5 Na5
15. Bb5 Qb6 16. Qa4 a6 17. Bd3 Ng4 18. Ra2 f6 19. h3 fxg5 20. hxg4 Bxg4 21.
Nxe5 Bc8 22. Rc2 Qd6 23. Qxa5 Qxe5 24. Qc7 Qe8 25. d6 Rf7 26. Qc5 g4 27. e5 Be6
28. Qb6 Rb8 29. Rec1 Kh8 30. Qe3 Rd8 31. Qg5 Rfd7 32. Qh4 Bg8 33. Re2 Qe6 34.
Rc3 b5 35. Qh5 Rf8 36. Qg5 Rdf7 37. Qh4 Rd7 38. Re3 Rdf7 39. Rc2 Ra7 40. Qh5
Rb7 41. Rg3 Rf4 42. Rd2 Rbf7 43. Re3 Rd7 44. Rc2 Rdf7 45. Re1 Rd4 46. Be4 g3
47. fxg3 Ra4 48. Rc3 Rc4 49. Rf3 Rxf3 50. gxf3 Rc3 51. Bf5 Qd5 52. Kf2 Qd4+ 53.
Kf1 Rxa3 54. Bxh7 Bxh7 55. Qe8+ Bg8 56. Qh5+ Bh7 57. Qe8+ Bg8 58. Qh5+ Bh7
1/2-1/2

[Event "ICS Rated blitz match"]
[Site "204.178.125.65"]
[Date "2000.02.28"]
[Round "?"]
[White "Capi"]
[Black "Hossa"]
[Result "0-1"]
[WhiteElo "2106"]
[BlackElo "2394"]
[PlyCount "44"]

1. d4 d5 2. c4 c6 3. Nf3 Nf6 4. Nc3 e6 5. e3 Nbd7 6. Qc2 Bd6 7. g4 dxc4 8. g5
Nd5 9. Bxc4 Nxc3 10. bxc3 e5 11. Qe4 Qe7 12. Qh4 Nb6 13. Bd3 exd4 14. cxd4 Qe6
15. Rg1 Qh3 16. Qe4+ Be6 17. Bd2 O-O 18. Bf1 Qh5 19. h4 Bd5 20. Qf5 Bxf3 21.
Bd3 Bh2 22. Rf1 Bg2 0-1

[Event "ICS Rated blitz match"]
[Site "204.178.125.65"]
[Date "2000.02.28"]
[Round "?"]
[White "Hossa"]
[Black "Amateur"]
[Result "1/2-1/2"]
[WhiteElo "2398"]
[BlackElo "2482"]
[PlyCount "215"]

1. c4 e5 2. Nc3 Nf6 3. Nf3 Nc6 4. e3 Be7 5. d4 exd4 6. Nxd4 O-O 7. Nxc6 dxc6 8.
Be2 Qxd1+ 9. Bxd1 Rd8 10. O-O Bb4 11. Nb1 Bf5 12. Be2 Bd3 13. Bxd3 Rxd3 14. f3
Nd7 15. Kf2 Rd8 16. b3 Bc5 17. h3 Ne5 18. Ke2 Ng6 19. g3 R8d7 20. Bd2 b5 21.
cxb5 cxb5 22. Rc1 Bb6 23. a4 bxa4 24. b4 R3d5 25. Rxa4 Rh5 26. h4 Ne5 27. e4
Nd3 28. Rc3 Nf2 29. Ra6 Nh1 30. Bf4 g5 31. Bxg5 Nxg3+ 32. Ke1 h6 33. Bf6 Rb5
34. Rc4 c5 35. Be5 Nh1 36. bxc5 Bxc5 37. Ke2 Ng3+ 38. Bxg3 Rb2+ 39. Ke1 Rxb1+
40. Ke2 Rb2+ 41. Ke1 Bb4+ 42. Rxb4 Rxb4 43. Rxh6 Rd3 44. Be5 f5 45. Rg6+ Kh7
46. Rg7+ Kh6 47. Ke2 fxe4 48. fxe4 Rh3 49. Rg4 Kh5 50. Rf4 Ra4 51. Rf5+ Kxh4
52. Rf4+ Kg5 53. Kf2 Ra2+ 54. Kg1 Re3 55. Kf1 Ra4 56. Bb8 Raxe4 57. Rxe4 Rxe4
58. Bxa7 Kf4 59. Bb6 Kf3 60. Kg1 Rg4+ 61. Kh1 Rc4 62. Bg1 Rh4+ 63. Bh2 Rh6 64.
Kg1 Rg6+ 65. Kh1 Kf2 66. Be5 Rh6+ 67. Bh2 Ke2 68. Kg1 Rg6+ 69. Kh1 Kd3 70. Bf4
Ke4 71. Bd2 Kd4 72. Kh2 Ke4 73. Kh1 Rg3 74. Kh2 Rb3 75. Be1 Kf3 76. Ba5 Rb2+
77. Kh1 Rc2 78. Bb4 Rc6 79. Bd2 Rd6 80. Bc3 Kf2 81. Be5 Rd7 82. Bf4 Rd5 83. Bc7
Rd7 84. Bf4 Rd8 85. Bc7 Rd5 86. Bb6+ Kf3 87. Bg1 Rb5 88. Bd4 Kg3 89. Be3 Rb1+
90. Bg1 Rb5 91. Be3 Rb7 92. Bd4 Rd7 93. Be5+ Kf3 94. Bh2 Rd1+ 95. Bg1 Rc1 96.
Kh2 Rc2+ 97. Kh1 Rc4 98. Bb6 Kg3 99. Be3 Rc2 100. Bg1 Rd2 101. Bc5 Rd7 102. Bb6
Rd1+ 103. Bg1 Kf3 104. Kh2 Rd6 105. Kh1 Rd5 106. Bh2 Rh5 107. Kg1 Rd5 108. Kh1
1/2-1/2

[Event "ICS Rated blitz match"]
[Site "204.178.125.65"]
[Date "2000.02.28"]
[Round "?"]
[White "Tinker"]
[Black "Hossa"]
[Result "0-1"]
[WhiteElo "2442"]
[BlackElo "2402"]
[PlyCount "42"]

1. e4 e5 2. Nf3 Nc6 3. d4 exd4 4. Nxd4 Bc5 5. Nxc6 Qf6 6. Qe2 bxc6 7. c3 d6 8.
h4 Qe5 9. f4 Qe6 10. b4 Bb6 11. f5 Qe5 12. a4 a6 13. Rh3 Nf6 14. Nd2 O-O 15. a5
Ba7 16. Ra2 Re8 17. g4 h5 18. c4 hxg4 19. Rha3 Nxe4 20. Nxe4 Qxe4 21. Bg2 Qxe2+
0-1

[Event "ICS rated blitz match"]
[Site "204.178.125.65"]
[Date "2000.02.28"]
[Round "?"]
[White "Hossa"]
[Black "Tinker"]
[Result "0-1"]
[WhiteElo "2420"]
[BlackElo "2424"]
[PlyCount "140"]

1. e4 e5 2. Nf3 Nf6 3. Nxe5 d6 4. Nf3 Nxe4 5. d4 Be7 6. Bd3 Nf6 7. O-O O-O 8.
Re1 Nc6 9. Be3 Bg4 10. Bb5 Nd5 11. c4 Nxe3 12. Rxe3 Bf6 13. Bxc6 bxc6 14. Nc3
Bxf3 15. Rxf3 Rb8 16. Ne4 Bh4 17. Qe2 d5 18. Nc5 dxc4 19. Rd1 Be7 20. Ne4 Qd5
21. Re3 Qd7 22. Rd2 Rb4 23. a3 Rb3 24. Qxc4 Rxe3 25. fxe3 Re8 26. Qd3 Qe6 27.
Re2 Rd8 28. b4 Qg6 29. Qc2 Bh4 30. g3 Be7 31. Nf2 Qf6 32. Ng4 Qe6 33. Ne5 Rd6
34. Rf2 Bf6 35. Nc4 Rd5 36. Qd1 Rb5 37. Qe2 Rg5 38. Na5 Rd5 39. Qf3 Bg5 40.
Nxc6 Rd7 41. Ne5 Re7 42. h4 Bh6 43. g4 g5 44. Nc6 Rd7 45. d5 Qe8 46. h5 a6 47.
Qf6 Qxe3 48. Kf1 Qh3+ 49. Rg2 Qd3+ 50. Re2 Qh3+ 51. Ke1 Qh1+ 52. Kf2 Qh4+ 53.
Kf1 Bf8 54. Qf3 f5 55. gxf5 g4 56. Qe4 Rg7 57. Qe6+ Kh8 58. h6 Qh1+ 59. Kf2 g3+
60. Ke3 Rg4 61. Qe5+ Kg8 62. Qe8 Qxh6+ 63. Kd3 g2 64. Ne7+ Kg7 65. Re6 Rd4+ 66.
Kc2 Qd2+ 67. Kb3 Rd3+ 68. Ka4 Qc2+ 69. Ka5 Rxa3+ 70. Qa4 Rxa4# 0-1

[Event "ICS Rated blitz match"]
[Site "204.178.125.65"]
[Date "2000.02.28"]
[Round "?"]
[White "Tinker"]
[Black "Hossa"]
[Result "1/2-1/2"]
[WhiteElo "2440"]
[BlackElo "2404"]
[PlyCount "148"]

1. e4 c5 2. Nc3 Nc6 3. f4 g6 4. Bb5 Bg7 5. Na4 d5 6. Qe2 Bd4 7. c3 Bxg1 8. Rxg1
dxe4 9. Bxc6+ bxc6 10. Qxe4 Nf6 11. Qxc6+ Bd7 12. Qa6 Qc7 13. Qc4 Rc8 14. d4
cxd4 15. Qxd4 Qa5 16. b3 Bxa4 17. Qxa4+ Qxa4 18. bxa4 Rxc3 19. Bb2 Rc4 20. Rc1
Re4+ 21. Kd2 O-O 22. Bxf6 exf6 23. Rgf1 Rd8+ 24. Kc3 Rxa4 25. Ra1 Rc8+ 26. Kd3
Kg7 27. a3 Rd8+ 28. Kc3 Ra6 29. Ra2 Rc6+ 30. Kb4 Rb8+ 31. Ka5 Rbb6 32. Rff2
Rc5+ 33. Ka4 Rc4+ 34. Ka5 h5 35. Rad2 Rc3 36. Ra2 Rc5+ 37. Ka4 Rb1 38. g3 Rc6
39. Ka5 f5 40. Rfb2 Rbc1 41. Rb7 R1c5+ 42. Kb4 Rb6+ 43. Rxb6 axb6 44. Rd2 Rc1
45. Rb2 h4 46. Kb5 Ra1 47. gxh4 Rxa3 48. Kxb6 Rh3 49. Rf2 Rxh4 50. Kc5 Kf6 51.
Kd6 g5 52. fxg5+ Kxg5 53. Kd5 f4 54. Ke4 Rg4 55. h3 Rh4 56. Rg2+ Kf6 57. Ra2
Ke6 58. Ra6+ Ke7 59. Ra7+ Kf8 60. Kf3 f5 61. Ra5 Kg7 62. Rxf5 Kh6 63. Rxf4
Rxf4+ 64. Kxf4 Kg7 65. h4 Kf6 66. Kg4 Kg7 67. h5 Kh8 68. Kg5 Kg7 69. h6+ Kh7
70. Kh5 Kh8 71. Kg5 Kh7 72. Kh5 Kh8 73. Kg5 Kh7 74. Kh5 Kh8 1/2-1/2

[Event "ICS Rated blitz match"]
[Site "204.178.125.65"]
[Date "2000.02.28"]
[Round "?"]
[White "Hossa"]
[Black "Tinker"]
[Result "1/2-1/2"]
[WhiteElo "2406"]
[BlackElo "2438"]
[PlyCount "133"]

1. e4 e5 2. Nf3 Nf6 3. Nxe5 d6 4. Nf3 Nxe4 5. d4 Be7 6. Bd3 Nf6 7. O-O O-O 8.
Re1 Nc6 9. Bb5 Bg4 10. Be3 Nd5 11. c4 Nxe3 12. Rxe3 Bg5 13. Re4 Bh5 14. Nc3
Bxf3 15. Qxf3 Qf6 16. Qxf6 Bxf6 17. Nd5 Bd8 18. Bxc6 bxc6 19. Ne7+ Bxe7 20.
Rxe7 Rfc8 21. Rae1 Rab8 22. b3 Kf8 23. Kf1 Rb7 24. f4 g6 25. Kf2 Rcb8 26. Kf3
h5 27. R1e2 Rd8 28. Kf2 d5 29. c5 Rdb8 30. R2e5 Rd8 31. g3 Rdb8 32. Re1 Rc8 33.
R7e5 Rbb8 34. h3 Rb4 35. Ke3 Rbb8 36. Kd2 Rb4 37. R5e2 Rxd4+ 38. Kc3 Re4 39.
Rxe4 dxe4 40. Rxe4 Re8 41. Rxe8+ Kxe8 42. b4 Ke7 43. a4 a6 44. Kd4 f5 45. Ke3
Kf6 46. Kd4 Ke7 47. Kc3 Kf6 48. h4 Ke6 49. Kd4 Kd7 50. Ke3 Ke7 51. Kf2 Ke6 52.
Ke2 Kd5 53. Kd3 Ke6 54. Kc4 Kf6 55. a5 Ke6 56. Kd4 Kd7 57. Ke3 Ke6 58. Kd2 Kd5
59. Kd3 Ke6 60. Kc4 Kf6 61. Kd4 Ke6 62. Kc3 Kd5 63. Kd3 Ke6 64. Kc4 Kf6 65. Kc3
Ke6 66. Kc4 Kf6 67. Kc3 1/2-1/2

[Event "ICS rated blitz match"]
[Site "204.178.125.65"]
[Date "2000.02.28"]
[Round "?"]
[White "HaraldLdahl"]
[Black "Hossa"]
[Result "0-1"]
[WhiteElo "2100"]
[BlackElo "2407"]
[PlyCount "81"]

1. e4 e5 2. Bc4 Nf6 3. d3 Nc6 4. Nf3 d6 5. h3 Na5 6. Nc3 Nxc4 7. dxc4 Be6 8. b3
Be7 9. O-O O-O 10. Qe2 c6 11. Rd1 Qa5 12. Bb2 Nd7 13. Rd2 f5 14. Rad1 Nc5 15.
a3 fxe4 16. Nxe4 Nxe4 17. Qxe4 Rad8 18. Qe2 Qb6 19. Ne1 Rf5 20. Nd3 Bh4 21. c5
dxc5 22. Nxe5 Rxd2 23. Rxd2 Rxf2 24. Qe3 Rxd2 25. Qxd2 c4+ 26. Bd4 c5 27. Bf2
Bxf2+ 28. Qxf2 cxb3 29. cxb3 Qd6 30. Nc4 Qd1+ 31. Kh2 Qxb3 32. Nd6 Qxa3 33. Qe2
Qa2 34. Qb5 Kh8 35. Qe8+ Bg8 36. Qb8 b6 37. Nc8 c4 38. Nxa7 c3 39. Qc8 Qd2 40.
Nc6 Qf4+ 41. Kh1 0-1

[Event "ICS rated standard match"]
[Site "204.178.125.65"]
[Date "2000.02.28"]
[Round "?"]
[White "Hossa"]
[Black "chess-bomber"]
[Result "1-0"]
[WhiteElo "2274"]
[BlackElo "1983"]
[PlyCount "119"]

1. e4 g6 2. d4 Bg7 3. Nf3 d6 4. Nc3 c6 5. Bd3 Nd7 6. Bd2 h6 7. O-O Qc7 8. Re1
e5 9. Be3 Ngf6 10. dxe5 dxe5 11. Nd2 O-O 12. Qf3 a6 13. Rad1 b5 14. Nb3 Re8 15.
Rd2 Bb7 16. Ra1 c5 17. Bf1 c4 18. Nc1 Kh7 19. g3 Nc5 20. Bxc5 Qxc5 21. a4 b4
22. Nd5 Nxd5 23. exd5 f5 24. Qd1 a5 25. Bg2 e4 26. d6 Rad8 27. Ra2 Rd7 28. g4
Red8 29. gxf5 gxf5 30. Qh5 Rxd6 31. Rxd6 Rxd6 32. Bh3 Rg6+ 33. Kf1 Rg5 34. Qf7
Qd5 35. Qxd5 Bxd5 36. b3 c3 37. Ne2 Be5 38. Ng3 Kg6 39. Ra1 h5 40. Rd1 Bf7 41.
Rd7 h4 42. Bxf5+ Rxf5 43. Nxf5 Be6 44. Nxh4+ Kg5 45. Re7 Bh3+ 46. Kg1 Kf6 47.
Ra7 Bd4 48. Rxa5 e3 49. fxe3 Bxe3+ 50. Kh1 Bf2 51. Nf3 Bf5 52. Kg2 Be3 53. Re5
Bf4 54. Re2 Bg4 55. Re4 Kf5 56. Rxb4 Bd2 57. h3 Bh5 58. Rd4 Be3 59. Rd5+ Kg6
60. Nh4+ 1-0

[Event "ICS rated blitz match"]
[Site "204.178.125.65"]
[Date "2000.02.28"]
[Round "?"]
[White "Hossa"]
[Black "joejan"]
[Result "0-1"]
[WhiteElo "2412"]
[BlackElo "2147"]
[PlyCount "148"]

1. e4 c5 2. Nf3 d6 3. d4 cxd4 4. Nxd4 Nf6 5. Nc3 a6 6. Bg5 e6 7. f4 h6 8. Bh4
Be7 9. Qf3 Qc7 10. Be2 Nbd7 11. O-O-O b5 12. e5 Bb7 13. Qg3 dxe5 14. fxe5 Qxe5
15. Bf3 Qxg3 16. Bxg3 Bxf3 17. gxf3 O-O 18. Nc6 Bc5 19. Ne4 Be3+ 20. Kb1 Rfe8
21. Rhe1 Bb6 22. Nd6 Rf8 23. Ne7+ Kh7 24. Nb7 Ra7 25. Nd6 Ba5 26. Rg1 Bb6 27.
Rg2 Raa8 28. Nb7 Ra7 29. Nd6 Bc7 30. Nc6 Raa8 31. Rgd2 Nb6 32. Ne4 Bxg3 33.
Nxf6+ gxf6 34. hxg3 Nd5 35. a3 Rac8 36. Nd4 f5 37. Nxf5 Nc3+ 38. bxc3 exf5 39.
Kb2 Rg8 40. Rg1 f4 41. g4 f5 42. Rd7+ Rg7 43. Rxg7+ Kxg7 44. gxf5+ Kf7 45. Rg6
Rh8 46. Rxa6 h5 47. Rb6 h4 48. Rb7+ Kf6 49. Rxb5 h3 50. Rb6+ Kxf5 51. Rb5+ Ke6
52. Rb6+ Kd7 53. Rb7+ Kc6 54. Re7 h2 55. Re1 h1=Q 56. Rxh1 Rxh1 57. c4 Kc5 58.
a4 Rf1 59. a5 Rxf3 60. a6 Kb6 61. a7 Kxa7 62. c5 Kb7 63. Kc1 Kc6 64. Kd1 Kxc5
65. Kd2 Kc4 66. Ke2 Rc3 67. Kd1 Kd4 68. Kd2 Rh3 69. Kd1 Rh2 70. Kc1 Kc3 71. Kb1
Rxc2 72. Ka1 Kb3 73. Kb1 Rc3 74. Ka1 Rc1# 0-1

[Event "ICS rated blitz match"]
[Site "204.178.125.65"]
[Date "2000.02.28"]
[Round "?"]
[White "Hossa"]
[Black "Beadle"]
[Result "0-1"]
[WhiteElo "2386"]
[BlackElo "2618"]
[PlyCount "72"]

1. e4 e5 2. Nf3 Nc6 3. Nc3 Nf6 4. d4 exd4 5. Nxd4 Bb4 6. Nxc6 bxc6 7. Bd3 d5 8.
exd5 cxd5 9. O-O Bxc3 10. bxc3 O-O 11. Bg5 h6 12. Bh4 Re8 13. c4 Bb7 14. Bxf6
Qxf6 15. cxd5 Bxd5 16. Bh7+ Kxh7 17. Qxd5 Rad8 18. Qc5 c6 19. Qxa7 Rd2 20. Rad1
Rxc2 21. Rd7 Kg8 22. Rc7 h5 23. a4 g6 24. a5 h4 25. h3 Ree2 26. Rc8+ Kg7 27.
Ra8 Qf4 28. Rc8 Rc1 29. Rxc6 Rxc6 30. a6 Rc1 31. g3 hxg3 32. Kg2 Rxf1 33. Qd4+
Qxd4 34. h4 Rg1+ 35. Kxg1 Qxf2+ 36. Kh1 Qf1# 0-1

[Event "ICS Rated standard match"]
[Site "204.178.125.65"]
[Date "2000.02.28"]
[Round "?"]
[White "Hossa"]
[Black "star"]
[Result "0-1"]
[WhiteElo "2279"]
[BlackElo "2509"]
[PlyCount "120"]

1. e4 c6 2. d4 d5 3. Nc3 e6 4. Nf3 Bb4 5. exd5 exd5 6. Bd3 Nf6 7. Qe2+ Be7 8.
Bg5 O-O 9. O-O-O Be6 10. Rhe1 Re8 11. Ne5 Nbd7 12. f4 Nxe5 13. fxe5 Nd7 14.
Bxe7 Qxe7 15. Qh5 h6 16. Re3 Rad8 17. Rg3 Kh8 18. Ne2 c5 19. Rf1 Rc8 20. Nf4
cxd4 21. Kb1 Rc6 22. Bb5 Rb6 23. a4 Rg8 24. Nxe6 Qxe6 25. Bxd7 Qxd7 26. Rxf7
Qxa4 27. Qe2 Qe8 28. Rgf3 Re6 29. R3f5 Qa4 30. Rxb7 Ra6 31. Kc1 Rc8 32. Qf2
Qa1+ 33. Kd2 Rxc2+ 34. Kxc2 Rc6+ 35. Kd2 Qc1+ 36. Ke2 Rc2+ 37. Kf3 Rxf2+ 38.
Kxf2 Qc2+ 39. Kg1 Qxf5 40. h4 Qe4 41. Rb8+ Kh7 42. Rf8 d3 43. Rf1 Qd4+ 44. Kh1
Qxh4+ 45. Kg1 Qd4+ 46. Kh1 Qxe5 47. Kg1 Qxb2 48. Kh2 Qe5+ 49. Kh3 Qh5+ 50. Kg3
g5 51. Kf2 Qe2+ 52. Kg1 d2 53. g3 Qxf1+ 54. Kxf1 d1=Q+ 55. Kf2 d4 56. g4 Qxg4
57. Kf1 d3 58. Kf2 d2 59. Ke3 d1=Q 60. Kf2 Qgf3# 0-1